000 00581nam a22002291 4500
001 sa 68006740
003 DLC
005 20260227112518.0
008 711108s1967 ii 00010 eng
010 _asa 68006740
025 _aPL480:I-E-9334
043 _aa-ii---
050 0 _aJQ220.L3
_bC46
082 _a320.9/54
100 1 0 _aChagla, Mahomedali Currim,
_d1900-
245 1 0 _aChagla on language and unity.
260 0 _a[Bombay]
_bPopular Prakashan
_c[1967]
300 _a24 p.
_c19 cm.
350 _aRs1.50
500 _aCover title.
651 0 _aIndia
_xLanguages.
999 _c81494
_d81494